Aura / (Record no. 4985)

MARC details
000 -CABECERA
campo de control de longitud fija 00495nam a2200193 a 4500
005 - FECHA Y HORA DE LA ÚLTIMA TRANSACCIÓN
campo de control 20230602063646.0
008 - ELEMENTOS DE LONGITUD FIJA--INFORMACIÓN GENERAL
campo de control de longitud fija 991125m19622003mx 000 0 spa u
020 ## - NÚMERO INTERNACIONAL NORMALIZADO PARA LIBROS
Número Internacional Estándar del Libro 9684111819
035 ## - NÚMERO DE CONTROL DEL SISTEMA
Número de control de sistema UPN01000004985
049 ## - COLECCIÓN
Colección CG
050 #4 - SIGNATURA TOPOGRÁFICA DE LA BIBLIOTECA DEL CONGRESO
Número de clasificación PQ7297 F9.8
Número de documento/Ítem A9.7
100 1# - ASIENTO PRINCIPAL--NOMBRE PERSONAL
Nombre de persona Fuentes, Carlos,
Fechas asociadas al nombre 1928-2012
245 10 - MENCIÓN DE TÍTULO
Título Aura /
Mención de responsabilidad, etc. Carlos Fuentes.
260 ## - PUBLICACIÓN, DISTRIBUCIÓN, ETC.
Lugar de publicación, distribución, etc. México :
Nombre del editor, distribuidor, etc. Era,
Fecha de publicación, distribución, etc. 1962 (2003 impr.).
300 ## - DESCRIPCIÓN FÍSICA
Extensión 61 p.
440 #0 - MENCIÓN DE SERIE/ASIENTO SECUNDARIO--TÍTULO
Título Biblioteca Era
650 #4 - ASIENTO SECUNDARIO DE MATERIA - TERMINO TEMATICO
Término de materia o nombre geográfico como elemento de entrada Novela mexicana
9 (RLIN) 4557
905 ## - TIPO DE MATERIAL
Tipo de material Libro
Holdings
Estado de retiro Estado de pérdida Fuente del sistema de clasificación o colocación Estado dañado No para préstamo Código de colección Localización permanente Ubicación/localización actual Ubicación en estantería Total de préstamos Clasificación Código de barras Fecha visto por última vez Número de copia Tipo de ítem Koha Fecha de adquisición Renovaciones totales Fecha del último préstamo
    Library of Congress Classification     Colección General Bib. Gregorio Torres Quintero Bib. Gregorio Torres Quintero Planta baja   PQ7297 F9.8 A9.7 29961 31/12/2020 1 Libro      
    Library of Congress Classification     Colección General Bib. Gregorio Torres Quintero Bib. Gregorio Torres Quintero Planta baja 33 PQ7297 F9.8 A9.7 230969 26/10/2023 1 Libro 24/02/2023 1 13/10/2023
    Library of Congress Classification     Colección General Bib. Gregorio Torres Quintero Bib. Gregorio Torres Quintero Planta baja 6 PQ7297 F9.8 A9.7 317099 07/11/2024 1 Libro 23/02/2023   30/10/2024
    Library of Congress Classification     Colección General Bib. Gregorio Torres Quintero Bib. Gregorio Torres Quintero Planta baja 70 PQ7297 F9.8 A9.7 83048 31/12/2020 1 Libro